Teacher's guide for be a better reader; Book 1

Сохранить в:
Библиографические подробности
Главный автор: Nila Banton Smith
Формат:
Язык:Undetermined
Опубликовано: New Jersey Prentice-Hall 1963
Предметы:
Метки: Добавить метку
Нет меток, Требуется 1-ая метка записи!
Thư viện lưu trữ: Trung tâm Học liệu Trường Đại học Cần Thơ
LEADER 00470nam a2200169Ia 4500
001 CTU_45943
008 210402s9999 xx 000 0 und d
082 |a 421.52 
082 |b S642 
100 |a Nila Banton Smith 
245 0 |a Teacher's guide for be a better reader; Book 1 
245 0 |c Nila Banton Smith 
260 |a New Jersey 
260 |b Prentice-Hall 
260 |c 1963 
650 |a english language 
980 |a Trung tâm Học liệu Trường Đại học Cần Thơ